| 000 | 00803cam a2200253K 4500 | ||
|---|---|---|---|
| 001 | 44939 | ||
| 005 | 20230410115506.0 | ||
| 008 | 070813s1974 sp b 000 0 spa d | ||
| 035 | _a(OCoLC)ocn163890480 | ||
| 040 |
_aUOP _cUOP |
||
| 035 | _a(OCoLC)163890480 | ||
| 050 | 1 | 4 |
_aHD 9560.5 _bB498g 1975 |
| 100 | 1 |
_aBergier, Jacques, _d1912- |
|
| 245 | 1 | 3 |
_aLa guerra secreta del petróleo / _c[por] Jacques Bergier [y] Bernard Thomas. |
| 260 |
_aBarcelona : _bPlaza & Janes, _cc1975. |
||
| 300 |
_a202 p. _c19 cm. |
||
| 504 | _aBibliographical footnotes. | ||
| 500 | _aTranslation of: La guerre secréte du pétrole. Paris, Denoél, 1968. | ||
| 650 | 0 | _aPetroleum industry and trade. | |
| 700 | 1 |
_aThomas, Bernard, _ejoint author. |
|
| 942 |
_2lcc _cbk |
||
| 994 |
_aC0 _bDRFGD |
||
| 946 | _aLspaulino | ||
| 999 |
_c42260 _d42260 |
||